Η βυζαντινή Μικρά Ασία : 6ος-12ος αι. = Byzantine Asia Minor : 6th-12th cent.

Αποθηκεύτηκε σε:
Λεπτομέρειες βιβλιογραφικής εγγραφής
Συγγραφή απο Οργανισμό/Αρχή: Ινστιτούτο Βυζαντινών Ερευνών : Αθήνα
Άλλοι συγγραφείς: Λαμπάκης, Στυλιανός (Επιμελητής έκδοσης)
Μορφή: Πρακτικό Συνεδρίου Βιβλίο
Γλώσσα:Greek
English
Δημοσίευση: Αθήνα : Ιδρυμα Βυζαντινών Ερευνών/Ε.Ι.Ε., 1998.
Σειρά:Αρχαίος, μεσαιωνικός, νέος ελληνισμός ; 27.
Θέματα:
Ετικέτες: Προσθήκη ετικέτας
Δεν υπάρχουν, Καταχωρήστε ετικέτα πρώτοι!

MARC

LEADER 00000cam a2200000 i 4500
001 1/83395
008 990602s1998####gr | | ||| |||| ||gre||
020 |a 9603710059  
035 |l 10051337 
040 |a GR-MY-UA  |b gre  |e aacr 
041 0 |a gre  |a eng 
082 0 |a 938.398  
111 2 |a Ινστιτούτο Βυζαντινών Ερευνών  |d (1997  |c : Αθήνα) 
245 1 2 |a Η βυζαντινή Μικρά Ασία :   |b 6ος-12ος αι. = Byzantine Asia Minor : 6th-12th cent. /   |c Επιμέλεια έκδοσης Στέλιος Λαμπάκης ; Ινστιτούτο Βυζαντινών Ερευνών.  
246 1 |i Παράλληλος τίτλος:   |a Byzantine Asia Minor :   |b 6th-12th cent  
260 |a Αθήνα :   |b Ιδρυμα Βυζαντινών Ερευνών/Ε.Ι.Ε.,   |c 1998.  
300 |a 446 σ.  
490 1 |a Αρχαίος, μεσαιωνικός, νέος ελληνισμός   |v ; 27  
500 |a Διεθνές συμπόσιο στην Αθήνα (8-11 Μαϊου 1997).  
651 0 |a Turkey  |x History. 
651 0 |a Byzantine Empire  |x History. 
700 1 |a Λαμπάκης, Στυλιανός.  |4 edt 
830 0 |a Αρχαίος, μεσαιωνικός, νέος ελληνισμός ;  |v  27.  
852 |a INST  |b LESVOS  |e 19990602  |h 938.398 ΙΝΣ  |p 005100016019  |q 005100016019  |t BK  |y 0 
909 |a Λ  |b 065962 
970 |a ΑΙΒΑΤΖΙΔΟΥ  |b ΕΛΕΝΗ  |z 2000/02/02